000 00739nam a2200217Ii 4500
003 JO-AjNU
008 230605s9999||||xx |||||||||||||| ||und||
017 _a1970/4982
040 _aJO-AjNU
_bara
_erda
_cJO-AjNU
041 _aara
050 1 4 _aKRM2790.B32.1970
100 3 _aبديوي، عبد العزيز خليل,
_eauthor
_946942
245 0 0 _aالوجيز فى المبادئ العامة للدعوى الإدارية وإجراءاتها
250 _aط1
264 3 1 _aالقاهرة : دار الفكر العربى ، 1970
300 _a228ص
336 _atext
_btxt
_2rdacontent
337 _aunmediated
_bn
_2rdamedia
338 _avolume
_bnc
_2rdacarrier
650 4 _aالدعوى الادارية -- مصر
_946943
999 _aA20458
_c24026
_d24026